00449nam a2200169Ia 4500003000400000008004100004040001600045082001300061100001600074245005400090700002600144260004500170300001000215650001400225650001400239650002600253GCL140319s9999 xx 000 0 eng d aGCL / cGCL04a414bH M1 aLAVER, JOHN10aTHE HANDBOOK OF PHONETIC SCIENCES / cLAVER, JOHN1 aHARDCASTLE, WILLIAM J a[S.N] : bBLACKWELL PUBLISHERS ، c1997 a904 P04aPHONETICS04aLANGUAGES04aPHONETICS - HANDBOOKS